LEADER 00561naa a2200145 i 4500 001 000000328841 003 CaOOAMICUS 005 20180831173608.0 008 180831n it u000 u ita u 013 $a40473 040 $aSeMil$bita 245 10$aCarlo Maria Martini e Istraele. 650 4$aIsraele - Chiese cristiane.$0(OLS)http://semarc/subject/38203 773 0 $tCarlo Maria Martini.$dMilano : Àncora, 2014.$kDossier teologici del Seminario di Milano$z978-88-514-1389-7$gp.285-296$w()234167 996 $6245$aCarlo Maria Martini e Istraele$9(OLS)http://semarc/title/417374 LEADER 01341nam a2200289 i 4500 001 000000242800 003 CaOOAMICUS 005 20240201122648.0 008 150616s1826 fr u000 u fre u 013 $a221705 026 $a29la e,de ese! (1om (3) 1826 (A) 040 $aSeMil$bita 100 1 $aBoulogne, Étienne-Antoine : de,$d<1747-1825>.$0(OLS)http://semarc/name/14786 245 10$aPanegyriques oraisons funebres et autres discours de M. de Boulogne éväque de Troyes. 260 $aParis :$bAd. Le Clere et C.,$c1826. 300 $avi, 597 p. ;$c8°. 500 $aNell'occhietto: Oeuvres de M. de Boulogne eveque de Troyes 650 4$aPrediche, omelie, sermoni - Sec. 18.-19.$0(OLS)http://semarc/subject/5107 650 4$aVescovi francesi - Lettere pastorali, Insegnamenti [etc.] - Sec. 16.-19.$0(OLS)http://semarc/subject/824 700 1 $aLeclère, Adrien,$c.$0(OLS)http://semarc/name/14787 850 $aSeMil 852 $aSeMil$W1$xVenegono$y1$m3F IV 47 FA$j193146$B193146$CSeMilBibl$Z2$F203936 $8I 941 1 $a10 961 $aRecupero: Mantegazza 996 $6245$aPanegyriques oraisons funebres et autres discours de M. de Boulogne éväque de Troyes$9(OLS)http://semarc/title/344606 996 $6260$aParis :$bAd. Le Clere et C.$9(OLS)http://semarc/publisher/38858 LEADER 00676naa a2200157 i 4500 001 000000298727 003 CaOOAMICUS 005 20180831172630.0 008 180831n xx u000 u und u 013 $a6337 040 $aSeMil$bita 100 1 $aAlberoni, Francesco,$d<1929-2023>.$0(OLS)http://semarc/name/7374 245 12$aL'integrazione professionale e sociale della donna nei nuovi centri di insediamento. 650 4$aDonna.$0(OLS)http://semarc/subject/7169 773 0 $tDonna nei movimenti migratori.$dMilano : Vita e Pensiero, stampa 1964.$w()66035 996 $6245$aL'integrazione professionale e sociale della donna nei nuovi centri di insediamento$9(OLS)http://semarc/title/374743 LEADER 00664nam a2200193 i 4500 001 000000210182 003 CaOOAMICUS 005 20120117000000.0 008 120117s1915 it u000 u ita u 013 $a188990 040 $aSeMil$bita 245 10$a1895 a 1898. 300 $a365 p. 490 0 $aAnnali d'Italia 773 0 $aVigo, Pietro$tStoria degli ultimi trent'anni del secolo 19..$dMilano : Treves, 1908-1915.$gVolume7$w()26115 830 0$aAnnali d'Italia.$0(OLS)http://semarc/title/35230 850 $aSeMil 852 $aSeMil$W1$xVenegono$y1$m3S II 70$j160632$B160632$CSeMilBibl$Z2$F171549 $81 996 $6245$a1895 a 1898$9(OLS)http://semarc/title/303851 LEADER 01036nam a2200229 i 4500 001 000000227543 003 CaOOAMICUS 005 20140228000000.0 008 140228s1974 xx u000 u ger u 013 $a206445 040 $aSeMil$bita 100 1 $aSchmahl, Günther.$0(OLS)http://semarc/name/78823 245 14$aDie Zwolf im Markusevangelium :$beine redaktionsgeschichtliche Untersuchung /$cGünther Schmahl. 260 $aTrier :$bPaulinus,$c1974. 300 $aXIII, 170 p. ;$c24 cm. 490 0 $aTrierer theologische Studien ;$v30 650 4$aBibbia. Nuovo Testamento. Vangelo secondo Marco - Discepoli.$0(OLS)http://semarc/subject/30773 830 0$aTrierer theologische Studien ;$v30.$0(OLS)http://semarc/title/14020 850 $aSeMil 852 $aSeMil$W1$xVenegono$y1$m2Y I 239$j177889$B177889$CSeMilBibl$Z2$F188764 $81 996 $6245$aDie Zwolf im Markusevangelium :$beine redaktionsgeschichtliche Untersuchung$9(OLS)http://semarc/title/325664 996 $6260$aTrier :$bPaulinus$9(OLS)http://semarc/publisher/29982